• 首页
  • 本馆介绍
  • 公告通知
  • 最新文献
  • 馆藏检索
  • 电子资源
  • 读者导购
  • 参考咨询
  • 我的图书馆
  • 登录
  • 详细信息显示
  • 放入我的书架
  • 预约/预借图书
  • 作者相关作品
  • 分类相关作品
  • 丛书相关作品
  • 出版社相关作品

书目信息

  • 表格格式
  • 工作单格式
  • 卡片格式
题名:
拖拉机修理经验汇编
    
 
作者: ;第八机械工业部图书杂志编辑部图书编辑室 编
分册: 一  
出版信息: 北京   中国工业出版社  1966
页数: 276页
开本: 20cm
丛书名:
单 册:
中图分类: S232
科图分类:
主题词: 农业机械化
电子资源:
ISBN:
000 00725nam0 2200193 450
001 0641331464
005 20060430111420.07
010    @dCNY1.10
100    @a20060323d1966 km y0chiy0120 ea
101 0  @achi
200 1  @a拖拉机修理经验汇编@Atuo la ji xiu li jing yan hui bian@h一@f第八机械工业部图书杂志编辑部图书编辑室编@Fdi ba ji xie gong ye bu tu shu za zhi bian ji bu tu shu bian ji shi bian
210    @a北京@c中国工业出版社@d1966
215 1  @a276页@d20cm
300    @a选自《农业机械技术》杂志
606 0  @a农业机械化
690    @aS232@v4
711  0 @a第八机械工业部图书杂志编辑部图书编辑室@Adi ba ji xie gong ye bu tu shu za zhi bian ji bu tu shu bian ji shi@4编
801  0 @aCN@bPFT@c20060430
905    @a10447@dS232@e5:1
    
    拖拉机修理经验汇编.一/第八机械工业部图书杂志编辑部图书编辑室编.-北京:中国工业出版社,1966
    276页;20cm
    选自《农业机械技术》杂志
    
    ISBN :CNY1.10
    
●
相关链接 在E读中查询图书 在五车中查询图书 在当当中查询图书 在豆瓣中查询图书


正题名:拖拉机修理经验汇编     索取号:S232/5:1         预约/预借

序号 登录号 条形码 馆藏地/架位号 状态 备注
1 0017316   000717950   密集书库/ [索取号:S232/5:1] 在馆    
2 0017317   202208761   密集书库/ [索取号:S232/5:1] 在馆    
3 0017319   202327552   密集书库/ [索取号:S232/5:1] 在馆    
唐山师范学院图书馆 欢迎您!
大连网信软件有限公司© 版权所有